European Companies - Sudden Death - Statistics

General Stats
  • This quiz has been taken 86 times
    39 since last reset
  • The average score is 13 of 31
Answers on the Grid
Answers color-coded by a green-red scale on the quiz's grid according to % correct below.
BP
Lego
London Underground
Nestle
Volkswagen
Shell
Mercedes Benz
BMW
Enel
Tesco
Dior
Airbus
DHL
Toblerone
Unilever
Barclays
ING
Nokia
IKEA
Volvo
UniCredit
L'Oreal
Lufthansa
ITA Airways
Aeroflot
Ryannair
Nike
Adidas
Continental
Stellantis
Wal-Mart
Target
Costco
WestJet
Mobil
Toyota
Monster
Olive Garden
Roblox
Tommy Hilfiger
Chase
Mars
Zuru
T Mobile
HEB
7 11
Fruit of the Loom
Nissan
KIA
Air Peace
 
Answer Stats
Answer % Correct
Volkswagen
76%
BMW
62%
IKEA
62%
Lufthansa
62%
Lego
59%
Mercedes Benz
59%
Nestle
59%
Volvo
59%
Adidas
52%
Dior
52%
L'Oreal
52%
Airbus
48%
London Underground
48%
Shell
48%
BP
45%
ING
45%
Ryannair
45%
Tesco
45%
Nokia
41%
DHL
38%
Toblerone
34%
Unilever
34%
Barclays
28%
ITA Airways
28%
Aeroflot
24%
UniCredit
24%
Stellantis
21%
Enel
14%
Mars
14%
Continental
10%
Nike
7%
No matching quizzes found
Score Distribution
Percent of People with Each Score
Percentile by Number Answered
Your Score History
You have not taken this quiz since the last reset